[Event "London Classic Open 2015"]
[Site "London ENG"]
[Date "2015.12.08"]
[Round "6.88"]
[White "Jamroz, Krzysztof"]
[Black "Misyura, Ilya"]
[Result "1/2-1/2"]
[WhiteElo "2103"]
[BlackElo "1843"]
[WhiteFideId "1111850"]
[BlackFideId "434183"]
[EventDate "2015.12.04"]

1. e4 e6 2. d4 d5 3. e5 c5 4. c3 Qb6 5. Nf3 Nc6 6. a3 Bd7 7. b4 cxd4 8. cxd4 Rc8
9. Bb2 Nh6 10. Bd3 Na5 11. O-O Nc4 12. Bxc4 Rxc4 13. Nbd2 Rc8 14. Rc1 Be7 15.
Rxc8+ Bxc8 16. Nb3 O-O 17. Qd2 Qd8 18. Rc1 b6 19. Rc3 Ba6 20. Qc2 Qb8 21. Bc1
Rc8 22. Bxh6 gxh6 23. Nfd2 Bg5 24. g3 Rxc3 25. Qxc3 Qc8 26. Qxc8+ Bxc8 27. f4
Be7 28. Kf2 Kg7 29. Nf1 Kg6 30. Ne3 f5 31. Ke2 h5 32. h4 Kf7 33. Kd3 Ke8 34. Kc3
Bd7 35. Kb2 Kd8 36. Nd2 Ba4 37. Nb1 Bd7 38. Nc3 Kc7 39. b5 Kb7 40. Kb3 a6 41.
bxa6+ Kxa6 42. Nc2 Ka5 43. Ne1 Bb5 44. Nf3 Bc4+ 45. Kb2 h6 46. Nd2 b5 47. Nb3+
Bxb3 48. Kxb3 b4 49. axb4+ Bxb4 50. Na4 Kb5 51. Nb6 Be1 52. Nd7 Bxg3 53. Nf8
Bxh4 54. Nxe6 Be7 55. Ng7 h4 56. Nxf5 h3 57. Ng3 Kc6 58. Kc3 Kd7 59. f5 Bg5 60.
Kb4 Be7+ 61. Kc3 h2 62. Kd2 Bb4+ 63. Kc2 Ke7 64. Kd3 Kf7 65. Ke2 Bc3 66. Kd3 Bb2
67. Ke3 h5 68. Kd3 h4 69. Nh1 Kg7 70. Ke3 Kh6 71. Nf2 Kg5 72. f6 Kg6 73. Nh1 Kf7
74. Nf2 1/2-1/2

[Event "London Classic Open 2015"]
[Site "London ENG"]
[Date "2015.12.08"]
[Round "6.89"]
[White "Simpson, Ben"]
[Black "Cannon, Raymond C"]
[Result "1/2-1/2"]
[WhiteElo "1865"]
[BlackElo "1985"]
[WhiteFideId "444405"]
[BlackFideId "408018"]
[EventDate "2015.12.04"]

1. d4 Nf6 2. c4 d6 3. Nf3 Nbd7 4. Nc3 e5 5. d5 Be7 6. e4 Nc5 7. Nd2 a5 8. Be2
O-O 9. O-O Ne8 10. Bg4 Nd3 11. Bxc8 Qxc8 12. Nf3 Nxc1 13. Rxc1 b6 14. a3 g6 15.
b4 axb4 16. axb4 Qg4 17. c5 bxc5 18. bxc5 f5 19. h3 Qh5 20. Qb3 fxe4 21. Nxe4
Qf5 22. cxd6 Bxd6 23. Nc5 e4 24. Nh2 h5 25. Ne6 Qe5 26. g3 Rf5 27. Qb5 Qxd5 28.
Qxd5 Rxd5 29. Rfe1 Re5 30. Nf4 Kf7 31. Nf1 Nf6 32. Nd2 g5 33. Ng2 Ra2 34. Nc4
Rf5 35. Rf1 Nd5 36. Nge3 Nxe3 37. Nxe3 Ke6 38. Nxf5 Kxf5 39. Rfd1 e3 40. fxe3
Bxg3 41. Rc3 Ke4 42. Rd4+ Kf3 43. e4+ Kf4 44. Rdc4 Bf2+ 45. Kf1 Bb6 46. Rd3 Rf2+
47. Ke1 Rg2 48. Kf1 Rf2+ 49. Ke1 Rg2 50. Kf1 Rf2+ 1/2-1/2

[Event "London Classic Open 2015"]
[Site "London ENG"]
[Date "2015.12.08"]
[Round "6.90"]
[White "Calvert, D Ian"]
[Black "Chen, Yi Jing Alvin"]
[Result "1-0"]
[WhiteElo "1984"]
[BlackElo "1621"]
[WhiteFideId "406368"]
[BlackFideId "5804051"]
[EventDate "2015.12.04"]

1. b3 c6 2. Bb2 d5 3. g3 Nf6 4. Nf3 Bf5 5. Bg2 h6 6. c4 e6 7. O-O Bd6 8. d3 O-O
9. Nbd2 Nbd7 10. Rc1 Rc8 11. Rc2 Qe7 12. Qa1 Ba3 13. Rfc1 Bxb2 14. Qxb2 Rfd8 15.
b4 Ne8 16. a4 dxc4 17. Nxc4 Nd6 18. Nfe5 Nxe5 19. Qxe5 f6 20. Qb2 e5 21. b5 Nxc4
22. Rxc4 c5 23. b6 a6 24. Qc3 Qd7 25. a5 Bg4 26. Kf1 Bh3 27. Rxc5 Bxg2+ 28. Kxg2
Rb8 29. Qc4+ Kh8 30. Rc7 Qd6 31. Qf7 Qd5+ 32. Qxd5 Rxd5 33. Rc8+ Rd8 34. Rxb8
Rxb8 35. Rc7 Kh7 36. Kf3 Kg6 37. Ke4 h5 38. h4 Kh6 39. Kf5 Kh7 40. Ke6 Kg6 41.
Kd7 Rf8 42. Rxb7 f5 43. Rc7 Rf7+ 44. Kc6 Rf6+ 45. Kc5 e4 46. b7 exd3 47. exd3 f4
48. b8=Q Rf5+ 49. Kc4 fxg3 50. fxg3 Rf3 51. Qg8 Re3 52. Qxg7+ Kf5 53. Rf7+ Ke6
54. Qf6# 1-0

[Event "London Classic Open 2015"]
[Site "London ENG"]
[Date "2015.12.08"]
[Round "6.91"]
[White "McKerracher, Douglas"]
[Black "De Lagontrie, Jean"]
[Result "1-0"]
[WhiteElo "1972"]
[BlackElo "1776"]
[WhiteFideId "2401002"]
[BlackFideId "605271"]
[EventDate "2015.12.04"]

1. e4 c5 2. Nc3 Nc6 3. g3 g6 4. Bg2 Bg7 5. d3 d6 6. f4 e6 7. Nf3 Nge7 8. O-O O-O
9. Be3 b6 10. d4 Ba6 11. Re1 Rc8 12. a4 Na5 13. Nb5 Nc4 14. Bc1 Nc6 15. c3 cxd4
16. cxd4 Bb7 17. b3 a6 18. bxc4 axb5 19. cxb5 Na5 20. Bd2 Nc4 21. Rc1 d5 22. e5
Qd7 23. Bb4 Rfe8 24. Qb3 Bf8 25. Rc3 Rc7 26. Rec1 Rec8 27. Kf2 Be7 28. Bf1 Kg7
29. Bd3 Kf8 30. Ke2 Ke8 31. g4 Bxb4 32. Qxb4 Qe7 33. Qxe7+ Kxe7 34. f5 gxf5 35.
gxf5 Rg8 36. Kf2 h6 37. Rg1 Rxg1 38. Nxg1 Rc8 39. f6+ Kd7 40. Be2 Nd2 41. Rxc8
Ne4+ 42. Ke3 Bxc8 43. Nf3 Nc3 44. Kd3 Nxa4 45. Kc2 Bb7 46. Kb3 Nc5+ 47. dxc5
bxc5 48. h4 Kc7 49. h5 d4 50. Nd2 Bd5+ 51. Ka4 1-0

[Event "London Classic Open 2015"]
[Site "London ENG"]
[Date "2015.12.08"]
[Round "6.94"]
[White "Dukaczewski, Piotr"]
[Black "Ditmas, Hugh"]
[Result "1-0"]
[WhiteTitle "IM"]
[WhiteElo "2280"]
[BlackElo "1941"]
[WhiteFideId "1103520"]
[BlackFideId "1270666"]
[EventDate "2015.12.04"]

1. e4 c5 2. Nf3 Nc6 3. Bb5 e6 4. O-O Nge7 5. Re1 a6 6. Bf1 Ng6 7. c3 Be7 8. d4
cxd4 9. cxd4 d5 10. e5 O-O 11. Be3 Nh4 12. Nxh4 Bxh4 13. Qg4 f5 14. Qh5 g6 15.
Qd1 Bd7 16. g3 Bg5 17. Bxg5 Qxg5 18. f4 Qe7 19. Qd2 b5 20. Nc3 Rfc8 21. a3 Qd8
22. b4 Qb6 23. Ne2 Rc7 24. Rac1 Rac8 25. Rc5 Ne7 26. Rec1 Qb7 27. Qc3 Rxc5 28.
dxc5 Nc6 29. Bg2 Be8 30. Rd1 Qc7 31. Qb3 Rd8 32. Nc3 Ne7 33. a4 bxa4 34. Nxa4
Bb5 35. Nb6 Kg7 36. Ra1 Nc8 37. Nxc8 Rxc8 38. Bf1 Qc6 39. Bg2 Rb8 40. h3 Bc4 41.
Qxc4 dxc4 42. Bxc6 Rxb4 43. Rc1 a5 44. Ba4 1-0

[Event "London Classic Open 2015"]
[Site "London ENG"]
[Date "2015.12.08"]
[Round "6.97"]
[White "Myers, Dominique"]
[Black "Miu, Marinel"]
[Result "1-0"]
[WhiteElo "2132"]
[BlackElo "1820"]
[WhiteFideId "2041715"]
[BlackFideId "1220691"]
[EventDate "2015.12.04"]

1. e4 e6 2. Nc3 Be7 3. d4 d6 4. Be3 Bf6 5. Qd2 Nd7 6. f4 a6 7. O-O-O b5 8. g4
Bb7 9. g5 Be7 10. Bd3 c5 11. a3 Qc7 12. Nf3 O-O-O 13. Qf2 b4 14. axb4 cxb4 15.
Na4 Qa5 16. b3 d5 17. e5 Nb6 18. Nxb6+ Qxb6 19. Kb2 Kd7 20. f5 g6 21. f6 Bf8 22.
h4 h5 23. Ra1 Ra8 24. Ra2 a5 25. Rha1 Bc6 26. Qe2 Kc7 27. Ne1 Kb8 28. Ng2 Nh6
29. gxh6 Bxh6 30. Qf2 Bxe3 31. Qxe3 Rc8 32. Ne1 Be8 33. Nf3 Qc7 34. Qd2 Kb7 35.
Ng5 Qb6 36. Nf3 Rc3 37. Ng1 Rcc8 38. Ne2 Qc7 39. Rxa5 Qb6 40. Rxa8 Rxa8 41. Rxa8
Kxa8 42. Qh6 Bb5 43. Qf8+ Ka7 44. Bxb5 Qxb5 45. Qc5+ Ka6 46. Qxb5+ Kxb5 47. Nf4 1-0

[Event "London Classic Open 2015"]
[Site "London ENG"]
[Date "2015.12.08"]
[Round "6.98"]
[White "Dror, Levi"]
[Black "Prior, Stephen C V"]
[Result "1/2-1/2"]
[WhiteElo "1798"]
[BlackElo "1959"]
[WhiteFideId "2809583"]
[BlackFideId "423378"]
[EventDate "2015.12.04"]

1. e4 e5 2. Nf3 Nc6 3. Bb5 a6 4. Ba4 Nf6 5. d3 b5 6. Bb3 Bc5 7. O-O d6 8. h3 Na5
9. c3 Nxb3 10. Qxb3 Bb6 11. a4 Be6 12. Qc2 c5 13. Be3 O-O 14. d4 cxd4 15. cxd4
Rc8 16. Qd1 exd4 17. Nxd4 Bxd4 18. Bxd4 Nxe4 19. Re1 Qh4 20. axb5 axb5 21. Nc3
Ng5 22. Nxb5 Nxh3+ 23. gxh3 Qg5+ 24. Kh2 Qxb5 25. Re3 Rc4 26. Raa3 Rfc8 27. Bc3
Rh4 28. Qxd6 Qh5 29. Bd4 Qf5 30. Rg3 g6 31. Qe5 Qxe5 32. Bxe5 1/2-1/2

[Event "London Classic Open 2015"]
[Site "London ENG"]
[Date "2015.12.08"]
[Round "6.99"]
[White "Mohnblatt, Daniel"]
[Black "Edwards, Simon R"]
[Result "0-1"]
[WhiteElo "1766"]
[BlackElo "1945"]
[WhiteFideId "648582"]
[BlackFideId "406821"]
[EventDate "2015.12.04"]

1. d4 Nf6 2. c4 c5 3. d5 b5 4. f3 bxc4 5. e4 d6 6. Bxc4 g6 7. Ne2 Bg7 8. O-O O-O
9. Nec3 Ba6 10. Na3 Bxc4 11. Nxc4 Nbd7 12. Bg5 Nb6 13. Na5 Qd7 14. Nc6 e6 15.
Bxf6 Bxf6 16. a4 exd5 17. exd5 Nc4 18. Qd3 Ne5 19. Qb5 Qc7 20. Qa6 Nxc6 21. dxc6
Bd4+ 22. Kh1 Bxc3 23. bxc3 Rfc8 24. Rfb1 Qxc6 25. Qxc6 Rxc6 26. Rb7 Ra6 27. Kg1
Re8 28. Kf2 Kf8 29. g4 Re7 30. Rb8+ Kg7 31. h4 h6 32. Ra2 Re5 33. c4 d5 34. cxd5
Rxd5 35. Rc8 Ra5 36. Ke3 Rd1 37. Ra3 Rb1 38. Rc3 Rb4 39. R8xc5 Rxc5 40. Rxc5
Rxa4 41. h5 g5 42. Rc6 a5 43. Ra6 Ra1 44. Kd2 Ra3 45. Ke2 a4 46. Kd2 Rxf3 47.
Rxa4 Rf4 48. Rxf4 gxf4 0-1

[Event "London Classic Open 2015"]
[Site "London ENG"]
[Date "2015.12.08"]
[Round "6.100"]
[White "White, David J"]
[Black "Kalerwa, Edwin M"]
[Result "0-1"]
[WhiteElo "1921"]
[BlackElo "1823"]
[WhiteFideId "402931"]
[BlackFideId "422223"]
[EventDate "2015.12.04"]

1. e4 c5 2. c3 d6 3. d4 cxd4 4. cxd4 a6 5. Nc3 g6 6. Bc4 Nf6 7. Nf3 e6 8. Bg5 h6
9. Bh4 Be7 10. e5 Nd5 11. Bxe7 Nxe7 12. O-O d5 13. Bd3 Nbc6 14. Rc1 b5 15. Ne2
Bd7 16. a3 Kf8 17. Qd2 Kg7 18. Rc5 Ra7 19. Rfc1 Na5 20. Qc3 Nec6 21. b3 Be8 22.
Qc2 f5 23. Nf4 Qe7 24. h4 g5 25. hxg5 hxg5 26. Nxg5 Nxd4 27. Nfxe6+ Nxe6 28.
Nxe6+ Qxe6 29. Rc7+ Rxc7 30. Qxc7+ Bf7 31. Qxa5 Qh6 32. Qc3 Qh1# 0-1

[Event "London Classic Open 2015"]
[Site "London ENG"]
[Date "2015.12.08"]
[Round "6.102"]
[White "Mulay, Partha"]
[Black "Bin-Suhayl, Ieysaa"]
[Result "1-0"]
[WhiteElo "1780"]
[BlackElo "1828"]
[WhiteFideId "436038"]
[BlackFideId "429031"]
[EventDate "2015.12.04"]

1. e4 e6 2. d4 d5 3. exd5 exd5 4. c4 Nf6 5. Nc3 Bb4 6. Nf3 O-O 7. Be2 dxc4 8.
O-O Nc6 9. Bxc4 Bg4 10. Be3 Qd7 11. h3 Bh5 12. Be2 Rad8 13. Qb3 Nd5 14. Bg5 Nxc3
15. bxc3 Rde8 16. Be3 Ba5 17. Rfd1 Bb6 18. Rac1 Na5 19. Qb2 Bxf3 20. Bxf3 Nc4
21. Qe2 Nxe3 22. fxe3 c6 23. e4 Qd6 24. Qd3 Qa3 25. Qc2 Re5 26. Kh1 Ra5 27. Rd2
Bd8 28. Rf1 Bg5 29. Re2 f6 30. Bg4 Re8 31. Qd3 Qd6 32. Ref2 Qe7 33. Qc4+ Qf7 34.
Qb4 Rb5 35. Qd6 Qe7 36. Qg3 Ra5 37. h4 Bh6 38. Bf5 Rb5 39. Qd3 Ra5 40. e5 fxe5
41. Bxh7+ Kh8 42. Bf5 Qxh4+ 43. Bh3 Qe7 44. Rf7 Qd8 45. Rd7 Qh4 46. Qg6 Rg8 47.
Rdf7 exd4 48. cxd4 Ra3 49. R7f3 Rxf3 50. Rxf3 Qxd4 51. Bf5 Qh4+ 52. Rh3 Qe1+ 53.
Kh2 Qe5+ 54. Rg3 Qxf5 55. Qxf5 c5 56. Rh3 c4 57. Rc3 b5 58. Qxb5 a5 59. Qxa5 Bd2
60. Rh3+ Bh6 61. Qc5 Re8 62. Qxc4 Re3 63. Rxe3 Bxe3 64. a4 g5 65. a5 g4 66. a6
g3+ 67. Kxg3 Bf2+ 68. Kxf2 Kg7 69. Qc6 Kf7 70. a7 Kg7 71. a8=R Kf7 72. Ra7+ Kg8
73. Qc8# 1-0

[Event "London Classic Open 2015"]
[Site "London ENG"]
[Date "2015.12.08"]
[Round "6.103"]
[White "Chen, Meng Boon Marcus"]
[Black "Fernandez Aransay, Fernando"]
[Result "1-0"]
[WhiteElo "1715"]
[BlackElo "1826"]
[WhiteFideId "5812470"]
[BlackFideId "2216280"]
[EventDate "2015.12.04"]

1. c4 e6 2. Nc3 d5 3. cxd5 exd5 4. d4 Nf6 5. Bg5 Be7 6. e3 O-O 7. Bd3 b6 8. Nge2
Bb7 9. O-O Nbd7 10. Ng3 g6 11. f4 c5 12. Qf3 Rc8 13. f5 Kg7 14. Qf4 Re8 15. Bb5
Bc6 16. Rae1 Bxb5 17. Nxb5 a6 18. Nc3 b5 19. h4 b4 20. Nd1 Qc7 21. Qf3 Qb6 22.
h5 cxd4 23. hxg6 hxg6 24. fxg6 fxg6 25. Qf4 Qd6 26. exd4 Qxf4 27. Bxf4 Rc4 28.
Ne3 Rxd4 29. Nef5+ gxf5 30. Nxf5+ Kf7 31. Nxd4 Bc5 32. Rxe8 Kxe8 33. Rd1 Nf8 34.
Kf1 Ng6 35. g3 Ng4 36. Ke2 Nf6 37. Ne6 Bb6 38. Be3 Bxe3 39. Kxe3 Ne5 40. Nc7+
Kd7 41. Nxd5 Nfg4+ 42. Kf4 Ke6 43. Nxb4 a5 44. Nd3 Nc4 45. Re1+ 1-0

[Event "London Classic Open 2015"]
[Site "London ENG"]
[Date "2015.12.08"]
[Round "6.104"]
[White "Hung, Jake"]
[Black "Fontaine, Olivier"]
[Result "1/2-1/2"]
[WhiteElo "1650"]
[BlackElo "1826"]
[WhiteFideId "426431"]
[BlackFideId "666548"]
[EventDate "2015.12.04"]

1. c4 e5 2. g3 Nf6 3. Bg2 d5 4. b3 Be7 5. Na3 O-O 6. Nc2 c5 7. d3 Nc6 8. e3 Re8
9. Ne2 Be6 10. O-O Qc7 11. Bb2 Rad8 12. Qe1 e4 13. cxd5 Bxd5 14. d4 c4 15. b4
Qb6 16. Bc3 Bd6 17. a4 a6 18. Qd2 Qc7 19. b5 Ne7 20. bxa6 b6 21. Rfb1 Ra8 22.
Nb4 Nc6 23. a5 Nxa5 24. Nxd5 Nxd5 25. Bxa5 bxa5 26. Qxa5 Qc6 27. Nc3 Nxc3 28.
Qxc3 Rxa6 29. Rxa6 Qxa6 30. Rc1 f5 31. Qxc4+ Qxc4 32. Rxc4 Kf7 33. Ra4 g5 34.
Ra5 Kg6 35. Ra6 Re6 36. Kf1 h5 37. Ke2 Rf6 38. Rb6 Bc7 39. Rxf6+ Kxf6 40. f3
exf3+ 41. Bxf3 h4 42. gxh4 Bxh2 43. hxg5+ Kxg5 44. Kd3 Bg1 45. Bd1 Kf6 46. Bb3
Ke7 47. d5 Kd6 48. Ke2 Ke5 49. Kf3 Kd6 50. Kf4 Bf2 51. Kf3 Bg1 1/2-1/2

[Event "London Classic Open 2015"]
[Site "London ENG"]
[Date "2015.12.08"]
[Round "6.105"]
[White "Giakoustidis, Spiros-Avgerinos"]
[Black "Opasiak, Dustin Tennessee"]
[Result "1/2-1/2"]
[WhiteElo "1824"]
[BlackElo "1782"]
[WhiteFideId "4208668"]
[BlackFideId "24630217"]
[EventDate "2015.12.04"]

1. e4 e6 2. d4 d5 3. Nc3 Nf6 4. Bg5 Bb4 5. e5 h6 6. Bd2 Bxc3 7. Bxc3 Ne4 8. Bb4
c5 9. Bxc5 Nxc5 10. dxc5 Qa5+ 11. Qd2 Qxc5 12. b4 Qc7 13. f4 Bd7 14. Nf3 O-O 15.
Bd3 Nc6 16. a3 Qb6 17. Qf2 Qxf2+ 18. Kxf2 a6 19. c4 dxc4 20. Bxc4 Rad8 21. Rad1
Bc8 22. Ke2 g5 23. fxg5 hxg5 24. h3 Kg7 25. Ke3 Rg8 26. g4 Rh8 27. Be2 Rxd1 28.
Bxd1 f6 29. exf6+ Kxf6 30. Nd2 Ne5 31. Ne4+ Ke7 32. Be2 Nf7 33. a4 b6 34. a5 b5
35. Nc5 Ne5 36. Rh2 Nd7 37. Ne4 Nf6 38. Nxg5 Nd5+ 39. Kd4 Nxb4 40. Bf3 Rd8+ 41.
Kc3 Nd5+ 42. Kb3 Nf6 43. Rc2 Rf8 44. Rc7+ Kd6 45. Ra7 Nd5 46. h4 Rf4 47. Nf7+
Kc5 48. Ne5 Kd4 49. Nc6+ Kc5 50. Ne5 Kd4 1/2-1/2

[Event "London Classic Open 2015"]
[Site "London ENG"]
[Date "2015.12.08"]
[Round "6.106"]
[White "Knudsen, Andre"]
[Black "Turner, David J"]
[Result "1-0"]
[WhiteElo "1756"]
[BlackElo "1811"]
[WhiteFideId "1723650"]
[BlackFideId "419737"]
[EventDate "2015.12.04"]

1. d4 g6 2. Nf3 Nf6 3. h3 Bg7 4. Bf4 O-O 5. e3 d6 6. Bc4 c5 7. c3 Nbd7 8. O-O a6
9. a4 b6 10. Nbd2 Rb8 11. Qe2 Qc7 12. Bxa6 Bxa6 13. Qxa6 Ra8 14. Qd3 Qc6 15. Qb5
Qc7 16. e4 Ra5 17. Qd3 Rfa8 18. e5 Nh5 19. Bh2 dxe5 20. dxe5 b5 21. e6 Ne5 22.
exf7+ Kf8 23. Bxe5 Bxe5 24. Nxe5 Qxe5 25. Rae1 Qb8 26. Qe3 Qc7 27. Ne4 bxa4 28.
Qh6+ Kxf7 29. Qxh7+ 1-0

[Event "London Classic Open 2015"]
[Site "London ENG"]
[Date "2015.12.08"]
[Round "6.107"]
[White "Chilton, James I"]
[Black "Verma, Aditya"]
[Result "1-0"]
[WhiteElo "1742"]
[BlackElo "1805"]
[WhiteFideId "423009"]
[BlackFideId "426202"]
[EventDate "2015.12.04"]

1. d4 d5 2. c4 c6 3. Nf3 Nf6 4. Nc3 e6 5. Bg5 Nbd7 6. e3 Be7 7. Bd3 h6 8. Bh4
O-O 9. O-O a6 10. cxd5 exd5 11. Ne5 Nxe5 12. dxe5 Nd7 13. Bg3 Nc5 14. Bc2 f5 15.
exf6 Bxf6 16. Qh5 Qe8 17. Bg6 Qd7 18. Rad1 b6 19. e4 Qg4 20. Bd6 Qxh5 21. Bxh5
Rd8 22. Bc7 Rd7 23. Bxb6 Bxc3 24. Bxc5 Bxb2 25. Be8 Rc7 26. Bd6 Rca7 27. Bxc6
Bb7 28. exd5 Bxc6 29. dxc6 Rc8 30. c7 Bc3 31. Rb1 Ba5 32. Rb8 Ra8 33. Rxa8 Rxa8
34. Rb1 1-0

[Event "London Classic Open 2015"]
[Site "London ENG"]
[Date "2015.12.08"]
[Round "6.108"]
[White "Kazmierczak, Ewa"]
[Black "Haddock, Paul"]
[Result "1/2-1/2"]
[WhiteElo "1599"]
[BlackElo "1623"]
[WhiteFideId "1154877"]
[BlackFideId "419150"]
[EventDate "2015.12.04"]

1. e4 e5 2. Nf3 Nc6 3. Bb5 a6 4. Ba4 Nf6 5. O-O b5 6. Bb3 Be7 7. Re1 O-O 8. c3
d6 9. h3 Na5 10. Bc2 c5 11. d4 cxd4 12. cxd4 Qc7 13. Nbd2 Bb7 14. Nf1 Rfd8 15.
d5 Bc8 16. Ng3 g6 17. b3 Bf8 18. Be3 Bd7 19. Rc1 Rac8 20. Bd3 Qb7 21. Qd2 Nxb3
22. axb3 h5 23. Rxc8 Rxc8 24. Rc1 Rxc1+ 25. Qxc1 a5 26. Qc2 a4 27. bxa4 bxa4 28.
Qa2 Be7 29. Ne2 Bd8 30. Nc3 Qa8 31. Bc2 a3 32. Bc1 Qc8 33. Qxa3 Kg7 34. Bd3 Bxh3
35. Bf1 Bg4 36. Nh2 Bd7 37. Bd2 Qb7 38. Qa1 Nxe4 39. Qb1 Qxb1 40. Nxb1 Bb6 41.
Be3 Ba5 42. Nf3 Bc8 43. Nfd2 Nf6 44. Bc4 Bb7 45. Nb3 Bb4 46. Ba7 Nxd5 47. Bxd5
Bxd5 48. N3d2 Ba2 49. Kf1 d5 50. Ke2 Kf6 51. Kd3 Ke6 52. Nc3 Bxc3 53. Kxc3 d4+
54. Kd3 Kd5 55. f3 f5 56. Bb6 e4+ 57. fxe4+ fxe4+ 58. Ke2 g5 59. Bd8 g4 60. Bf6
e3 61. Kd1 exd2 62. Kxd2 Ke4 63. Bg5 Bc4 64. Be7 Bf1 65. g3 Kf3 66. Bd6 Bc4 67.
Be5 Ke4 68. Bd6 Bb5 69. Be7 Kf3 70. Bd6 h4 71. gxh4 g3 72. Bc5 d3 73. h5 Be8 1/2-1/2

[Event "London Classic Open 2015"]
[Site "London ENG"]
[Date "2015.12.09"]
[Round "7.1"]
[White "Postny, Evgeny"]
[Black "Blomqvist, Erik"]
[Result "1-0"]
[WhiteTitle "GM"]
[BlackTitle "GM"]
[WhiteElo "2670"]
[BlackElo "2493"]
[WhiteFideId "2804344"]
[BlackFideId "1709437"]
[EventDate "2015.12.04"]

1. d4 d5 2. c4 dxc4 3. e3 e5 4. Bxc4 exd4 5. exd4 Nf6 6. Nf3 Bd6 7. O-O O-O 8.
Nc3 Nc6 9. h3 h6 10. Re1 Bf5 11. Ne5 Bxe5 12. dxe5 Qxd1 13. Nxd1 Nd7 14. f4 Nc5
15. Be3 Nd3 16. Re2 Rad8 17. Rd2 Ne1 18. Rc1 Nc2 19. Kf2 Nxe3 20. Rxd8 Rxd8 21.
Nxe3 Be6 22. Bxe6 fxe6 23. Rd1 Rxd1 24. Nxd1 Kf7 25. Ke3 h5 26. Nc3 Ke7 27. Ke4
g6 28. g4 hxg4 29. hxg4 a6 30. Ne2 Kd7 31. Ng1 Ne7 32. Nf3 c5 33. Ng5 Nc6 34.
Nf7 b5 35. Nd6 Ne7 36. a3 c4 37. Nb7 Kc6 38. Nd8+ Kd7 39. Nb7 Kc6 40. Nd8+ Kd7
41. Nf7 Nc6 42. Nd6 Ne7 43. Kd4 Kc6 44. Nf7 Kd7 45. Ng5 Ng8 46. Kc5 Ne7 47. Nh7
Nd5 48. Nf6+ Nxf6 49. exf6 1-0

[Event "London Classic Open 2015"]
[Site "London ENG"]
[Date "2015.12.09"]
[Round "7.2"]
[White "Lenderman, Aleksandr"]
[Black "Fodor, Tamas Jr."]
[Result "1/2-1/2"]
[WhiteTitle "GM"]
[BlackTitle "GM"]
[WhiteElo "2626"]
[BlackElo "2492"]
[WhiteFideId "2021285"]
[BlackFideId "723762"]
[EventDate "2015.12.04"]

1. c4 e5 2. g3 Nf6 3. Bg2 d5 4. cxd5 Nxd5 5. Nc3 Nb6 6. Nf3 Nc6 7. O-O Be7 8.
Rb1 a5 9. d3 Be6 10. Be3 Nd5 11. Nxd5 Bxd5 12. Qa4 O-O 13. Rbc1 Re8 14. Qb5 Bf8
15. Nd2 Nb4 16. Bxd5 Qxd5 17. Qxd5 Nxd5 18. Bc5 c6 19. Ne4 h6 20. a3 Re6 21.
Bxf8 Kxf8 22. Nc5 Re7 23. Rc2 Rc7 24. Rd1 Rd8 25. Nb3 b6 26. Nd2 f6 27. Nc4 Rb7
28. d4 Ne7 29. Rcd2 e4 30. b3 Kf7 31. e3 Nd5 32. Rc2 Re7 33. Rb1 Re6 34. b4 axb4
35. axb4 b5 36. Na5 Rc8 37. Rc5 Rd6 38. Kf1 Ke8 39. g4 Rc7 40. Ke2 Kd7 41. Rc2
Re6 42. Rc5 Kd6 43. Rcc1 Re8 44. Kd2 Ra8 45. Rb2 h5 46. h3 hxg4 47. hxg4 Rh8 48.
Kc2 Rh2 49. Kb3 Rg2 50. Rbc2 Ne7 51. Rh1 Rxg4 52. Rh8 Rg1 53. Kb2 Ke6 54. Rd8
Rd1 55. Ra8 g5 56. Re8 Kf5 57. Rb8 Kg4 58. Rf8 f5 59. Rf7 f4 60. Nxc6 Nxc6 61.
Rxc7 Nxb4 62. exf4 gxf4 63. R2c3 Rxd4 64. Rg7+ Kf5 65. Rc8 Rd2+ 66. Kb3 Nd5 67.
Rf8+ Ke5 68. Rg5+ Ke6 69. Rg6+ Ke5 70. Rg5+ Ke6 71. Rg6+ Ke5 1/2-1/2

[Event "London Classic Open 2015"]
[Site "London ENG"]
[Date "2015.12.09"]
[Round "7.3"]
[White "Bartholomew, John"]
[Black "Bok, Benjamin"]
[Result "0-1"]
[WhiteTitle "IM"]
[BlackTitle "GM"]
[WhiteElo "2443"]
[BlackElo "2594"]
[WhiteFideId "2019353"]
[BlackFideId "1017063"]
[EventDate "2015.12.04"]

1. d4 d5 2. c4 e6 3. Nc3 c6 4. e4 dxe4 5. Nxe4 Bb4+ 6. Nc3 c5 7. a3 Ba5 8. Ne2
Bxc3+ 9. Nxc3 cxd4 10. Nb5 a6 11. Nxd4 e5 12. Nb3 Qxd1+ 13. Kxd1 Nc6 14. Be3 Bf5
15. Ke1 Nf6 16. Rc1 O-O-O 17. Bb6 Rd7 18. Be2 Re8 19. f3 e4 20. f4 Bg4 21. Rc3
h5 22. Bxg4 hxg4 23. h3 Rd3 24. hxg4 Rxc3 25. bxc3 Nxg4 26. Rh7 Rg8 27. Bd4 Nxd4
28. Nxd4 Nf6 29. Rh4 Kd7 30. Nf5 g5 31. fxg5 Rxg5 32. Ne3 Ke6 33. Rh6 Rh5 34.
Rxh5 Nxh5 35. Kd2 Nf4 36. g3 Nh5 37. Nf1 f5 38. Ke3 Ke5 39. Kf2 Nf6 40. Nd2 Ne8
41. Nf1 Ng7 42. Nd2 Ne6 43. Nb3 Kd6 44. Ke3 Nc5 45. Nd4 Ke5 46. Kd2 Na4 47. Kc2
Nc5 48. Kd2 Na4 49. Kc2 f4 50. gxf4+ Kxf4 51. Kb3 Nc5+ 52. Kb4 b6 53. a4 Nd3+
54. Kb3 Nc5+ 55. Kb4 Nd3+ 56. Kb3 a5 57. Kc2 Nc5 58. Kd2 Nxa4 59. Ne6+ Ke5 60.
Nd4 Nb2 61. c5 Nc4+ 62. Ke2 bxc5 63. Nb3 Kd5 64. Na1 a4 65. Nc2 a3 66. Na1 a2
67. Kd1 e3 68. Ke2 Ke4 69. Nb3 Na5 70. Na1 c4 0-1

[Event "London Classic Open 2015"]
[Site "London ENG"]
[Date "2015.12.09"]
[Round "7.5"]
[White "Krishna C R G"]
[Black "Vishnu Prasanna, V"]
[Result "1/2-1/2"]
[WhiteTitle "IM"]
[BlackTitle "GM"]
[WhiteElo "2367"]
[BlackElo "2514"]
[WhiteFideId "5018625"]
[BlackFideId "5030692"]
[EventDate "2015.12.04"]

1. Nf3 Nf6 2. g3 d5 3. Bg2 g6 4. c4 d4 5. b3 Bg7 6. Bb2 c5 7. O-O Nc6 8. e3 O-O
9. exd4 cxd4 10. d3 Nd7 11. Qe2 Nc5 12. Nbd2 a5 13. Ne1 Re8 14. Ne4 Nxe4 15.
Bxe4 e5 16. Nc2 f5 17. Bd5+ Be6 18. Bxe6+ Rxe6 19. Rad1 Qe7 20. Ba3 Qf7 21. f3
Rd8 22. Qg2 Qc7 23. Rfe1 Rde8 24. Re2 Nd8 25. Rde1 Nc6 26. Kh1 Kf7 27. Qf2 Kg8
28. Qg2 Qf7 29. Kg1 Bf8 30. Bxf8 Qxf8 31. a3 Qc5 32. Qf2 b5 33. Qg2 Qb6 34. g4
fxg4 35. fxg4 a4 36. Qd5 axb3 37. c5 Qd8 38. Qxb3 Kh8 39. Qxb5 Qh4 40. Qb7 Qxg4+
41. Rg2 Qf5 42. Rf1 Qxd3 43. Rgf2 Ne7 44. Rf7 Qh3 45. Nb4 Ng8 46. Nd5 Qg4+ 47.
Kh1 Qh4 48. c6 d3 49. c7 Qe4+ 50. Kg1 Qg4+ 51. Kh1 Qe4+ 52. Kg1 Qg4+ 53. Kh1
Qe4+ 1/2-1/2

[Event "London Classic Open 2015"]
[Site "London ENG"]
[Date "2015.12.09"]
[Round "7.6"]
[White "Hebden, Mark L"]
[Black "Gharamian, Tigran"]
[Result "1/2-1/2"]
[WhiteTitle "GM"]
[BlackTitle "GM"]
[WhiteElo "2469"]
[BlackElo "2654"]
[WhiteFideId "400084"]
[BlackFideId "13301527"]
[EventDate "2015.12.04"]

1. d4 Nf6 2. Nf3 g6 3. g3 b6 4. Bg2 Bb7 5. O-O Bg7 6. c4 O-O 7. Bf4 d6 8. Qc1
Re8 9. Bh6 Bh8 10. Nc3 Nbd7 11. Rd1 Ne4 12. Nxe4 Bxe4 13. Qf4 Nf6 14. g4 Bb7 15.
h3 Qc8 16. Rac1 Rb8 17. b3 a6 18. d5 e5 19. Qe3 a5 20. Ng5 Bg7 21. Ne4 Nxe4 22.
Bxe4 Bxh6 23. Qxh6 Re7 24. Rc3 Qf8 1/2-1/2